| 000 | 00424nam a22001097a 4500 | ||
|---|---|---|---|
| 008 | 150616b xxu||||| |||| 00| 0 eng d | ||
| 010 | _8HCCRSF: 001 | ||
| 245 | _aHIGH COURT CRIMINAL SESSION No. 326 of 1965 Uganda Vs Yovani Bomiji | ||
| 260 | _aHigh Court Kampala | ||
| 500 | _3(Original Criminal Case No. 279/65 in the District Court at mbale Before TT.K. Munanye, Esq. 2/c. Mag) | ||
| 500 | _3Before The Hon. Mr. Justice Fuad | ||
| 999 |
_c6256 _d6256 |
||